00591nam a22001817a 450000500170000001000150001702000260003203500140005803700130007208200160008524501040010126000550020527000600026030000200032050000190034070000210035970000290038020161213101223.0 aENG-116780 a9788179756454c800.00 aEN-100312 bDBAD/PUB a305.4095413 aWomen in mountains :cedited by Deepak Paliwal [and] Rajesh Chandra Paliwalb continuity & change / aNew DelhibAnamika Publishers & Distributorsc2015 a4697/3, 21-A, Ansari Road, DaryaganjbNew Delhie110002 a238p.c22cm(Hb) aIncludes index aPaliwal, Deepak  aPaliwal, Rajesh Chandra